000 01392nam a2200385 c 4500
003 BLK
005 20250529180208.0
008 180412b bul|||||r ||||||| ||bul||
010 _aKNG00006329000
020 _a954-430-239-5
_bиздат.: БАН
040 _aBLK
041 _aBUL
_cBUL
080 _aБългарска литература
_b821.163.2
_x.09(092)
_z821.163.2.09(092)
080 _aБългарска литература
_b821.163.2
_x-1.09
_z821.163.2-1.09
080 _aБиографии
_b929
_x
_z929
100 1 _aЛикова, Розалия Николова
_eпърви автор
_9243652
139 _aЛикова, Розалия Николова
_bЛ 57
245 1 0 _aПоезия на седемдесетте и осемдесетте години
_cРозалия Николова Ликова.
257 _aBGR
260 София
_bБАН
_c1994
300 _a383 с.
_c20 см
380 _a82
500 _a2 000 тир.
650 4 _aПоезия, българска
_9243326
650 4 _aПоети, български
_9241945
653 _aпоезия
653 _a70-те години
653 _a80-те години
852 _aЦб 181914
856 4 _qpdf
_u
856 4 _qpdf
_u
942 _cKNG
_n0
_06
944 _aCR
_c15.01.2003
_k30576
_lЦветомила Тодорова
944 _aED
_c08.09.2005
_k
999 _c5148
_d5148